LEADER 01125nam0 2200277 450 001 000024271 005 20090114173842.0 100 $a20090114d1966----km-y0itaa50------ba 101 0 $aita 102 $aIT 200 1 $aVita avventure e morte di Don Giovanni$econ tre scenari della Commedia dell'Arte, un'opera regia e un dramma per musica$fGiovanni Macchia 210 $aBari$cLaterza$d1966 215 $aXXIII, 337 p.$d18 cm 225 2 $aUniversale Laterza$v48 410 1$12001$aUniversale Laterza$v48 606 1 $aDon Giovanni nella letteratura 676 $a809.93351$v(21. ed.)$9Storia, descrizione, studi critici di più di due letterature su specifici personaggi 700 1$aMacchia,$bGiovanni$0153318 801 0$aIT$bUniversità della Basilicata - B.I.A.$gRICA$2unimarc 912 $a000024271 996 $aVita avventure e morte di Don Giovanni$992112 997 $aUNIBAS BAS $aLETTERE CAT $aEXT10$b01$c20090114$lBAS01$h1738 FMT Z30 -1$lBAS01$LBAS01$mBOOK$1BASA1$APolo Storico-Umanistico$2FMAS$BFondo Masini$3FMas/817/1012$6817/1012$5B817/1012$820090114$f04$FPrestabile Didattica LEADER 01195cam0-2200301 --450 001 9910296157003321 005 20181218092415.0 100 $a20181218g19711972km y0itay50 ba 101 0 $aita 102 $aIT 105 $aa 101yy 200 1 $aAtti del 16. Convegno nazionale stradale$eSalerno, 13-18 aprile 1970$fAssociazione Internazionale Permanente dei Congressi della Strada. Comitato Italiano$gorganizzato con la collaborazione dell'Automobile Club italiano e del Touring Club Italiano 210 $aRoma$cStabilimenti tipografici C. Colombo$d1971-1972 215 $a2 v.$cill.$d24 cm 327 0 $a1.: Discussione dei temi$a2.: Relazioni particolari 610 0 $aStrade 676 $a625.7$v18 710 12$aConvegno nazionale stradale,$d16.$f<1970 ;$eSalerno>$0761132 712 02$aAssociazione internazionale permanente dei congressi della strada.$bComitato nazionale italiano 801 0$aIT$bUNINA$gREICAT$2UNIMARC 901 $aBK 912 $a9910296157003321 952 $aCC2/26$bs.i.$fDINTR 952 $aCC2/27$b4608$fDINTR 952 $aCC2/28$b4608.2$fDINTR 959 $aDINTR 996 $aAtti del 16. Convegno nazionale stradale$91540834 997 $aUNINA